000 00595nam a2200217Ia 4500
008 191130s2016##################000#0#eng##
020 _a9781292080635
040 _aACL
_cACL
082 _a339 ACE
100 _aAcemoglu, Daron
245 _aMacroeconomics
_cby Daron Acemoglu, David Laibson and John A. List
250 _aGlobal ed
260 _aBoston
_bPearson
_c2016
300 _a424 p. : ill., maps ; 28 cm
650 _aMacroeconomics
700 _aLaibson, David
700 _aList, John A
990 _a03f9eb38ac100b4650cb205e670e2e2f
991 _a449874
999 _c273928
_d273928